03249cam a2200373 i 450000100090000000300040000900500170001300800410003001000170007102000250008802000250011302500190013803700530015704000280021004200150023804300120025305000270026508200180029224500740031025000300038426400800041426400860049430000490058033600260062933700280065533800270068350000260071050000410073650400510077750519230082853000330275165100370278470000540282122196433OSt20230921153209.0210829s2019 enkab b 001 0 eng  a 2020335913 a9780367247317q(hbk) z9780429422959q(ebk) aI-E-2020335913 bLibrary of Congress -- New Delhi Overseas Office aDLCbengerdacDLCdDLC alcodeapcc aa-ii---00aDS480.842b.P3818 2019 a954.04bRAN/P00aPartition of India :bpostcolonial legacies /cedited by Amit Ranjan. aFirst South Asia edition. 1aAbingdon, Oxon ;aNew York, NY :bRoutledge, Taylor & Francis Group,c2019. 2aNew Delhi, India :bExclusively distributed by, Manohar Publishers & Distributors axv, 317 pages :billustrations, map ;c23 cm atextbtxt2rdacontent aunmediatedbn2rdamedia avolumebnc2rdacarrier aContributed articles. a"A Routledge India original"--Cover. aIncludes bibliographical references and index.0 aList of illustrations -- List of contributors -- Preface -- List of abbreviations -- Glossary --gIntroduction :t1. Partition of India: a reaction against "differences"? /rAmit Ranjan --gPart I. Impact of partition in the provinces and princely states :t2. The 1947 partition of Punjab /rIshtiaq Ahmed --t3. Peregrination of Sindh's march towards Pakistan: communal politics, class conflict and competing nationalisms /rFarhan Hanif Siddiqi --t4. Peasant nationalism, elite conflict, and the second partition of Bengal, 1918-1947 /rTaj Hashmi --t5. Recovering a forgotten partition: decolonisation, displacement and memories of home and uprooting in postcolonial Assam /rBinayak Dutta --t6. Did India's Partition lead to the segregation of North-East India? /rRituparna Bhattacharyya --t7. Balochistan: from British rule to a province of Pakistan /rNizam Rahim Baloch --gPart II. Migration and displacement :t8. Unwanted refugees: Sindhi Hindus in India and Muhajirs in Sindhi /rNandita Bhavnani --t9. 1950 riots and fractured social spaces: minority displacement and dispossession in Calcutta and its neighbouring areas /rSubhasri Ghosh --gPart III. Personal history, interpretation and (re)presentation :t10. Kashmir as partition's 'unfinished business' /rFarooq Sulehria --t11. Lucknow: a personal history /rMehru Jaffer --t12. Bacha Khan: the legacy of hope and perseverance /rAltaf Khan --t13. Whose history of partition?: Tamil cinema and the negotiation of national identity /rKalathmika Natarajan --t14. Re(presenting) refugee women in Bengal's partition narratives /rRoshni Sharma --gPart IV. Relationships: India-Pakistan-Bangladesh :t15. Seventy years of India-Pakistan relations /rSajad Padder --t16. India, Bangladesh and International Crime Tribunal /rPunam Pandey --t17. Bangladesh-Pakistan ties: future prospects of a troubled relationship /rPallavi Deka -- Index. aAlso available as an e-book. 0aIndiaxHistoryyPartition, 1947.1 aRanjan, Amitc(Researcher on South Asia)eeditor.